| 000 | 00840 a2200181 4500 | ||
|---|---|---|---|
| 003 | Nust | ||
| 005 | 20221014121416.0 | ||
| 020 | _a064600866 | ||
| 040 | _cNust | ||
| 082 | _a604.2,LOM | ||
| 100 |
_aJohnson, Lobardo _9100324 |
||
| 245 |
_aEngineering Drawing / _cLobardo Johnson, |
||
| 260 |
_aNew York _bBarnes & Noble _c1956 |
||
| 505 | _aIntroduction (Page-1), Line Work and the use of Instruments (Page-26), Geometric Constructions (Page-52), Lettering (Page-63), Orthographic Projection (Page-89), Auxiliary Views (Page-105), Sections Ad Conventions (Page-123), Pictorial Views (Page-146), Dimensioning (Page-166), Fasteners (Page-194), Working Drawings (Page-251), The Developments Ad Intersection of Surface Problems (Page-289). | ||
| 600 |
_aLombardo Johnson _9100325 |
||
| 650 |
_aEngineering Drawing _973872 |
||
| 942 |
_2ddc _cBK |
||
| 999 |
_c183109 _d183109 |
||